Normal view
MARC view
- Gary D. Christin
Entry Personal Name
001 - CONTROL NUMBER
- control field: 11052
003 - CONTROL NUMBER IDENTIFIER
- control field: NUST
005 - DATE AND TIME OF LATEST TRANSACTION
- control field: 20180606065032.0
008 - FIXED-LENGTH DATA ELEMENTS
- fixed length control field: 180606|| aca||aabn | a|a d
040 ## - CATALOGING SOURCE
- Original cataloging agency: NUST
- Transcribing agency: NUST
100 ## - HEADING--PERSONAL NAME
- Personal name: Gary D. Christin
670 ## - SOURCE DATA FOUND
- Source citation: Work cat.: (NUST): Gary D. Christin , Analytical Chemistry , 2016
